Вопросы изучения преступности на Северном Кавказе. Вып.5 (Запись № 13479350)
[ простой вид ]
| 000 -МАРКЕР | |
|---|---|
| контрольное поле | 01181nam2a22002891 4500 |
| 001 - ИДЕНТИФИКАТОР ЗАПИСИ | |
| контрольное поле | RU\NLR\A1SV\31258 |
| 005 - ИДЕНТИФИКАТОР ВЕРСИИ | |
| контрольное поле | 20251203152403.2 |
| 035 ## - ДРУГИЕ СИСТЕМНЫЕ НОМЕРА | |
| Идентификатор записи | (NLR Aleph) 009715156 |
| 100 ## - ДАННЫЕ ОБЩЕЙ ОБРАБОТКИ | |
| Данные общей обработки | 20000406d1929 u y0rusy50 ca |
| 101 0# - ЯЗЫК РЕСУРСА | |
| Язык текста, звукозаписи и т.д. | русский |
| 200 0# - ЗАГЛАВИЕ И СВЕДЕНИЯ ОБ ОТВЕТСТВЕННОСТИ | |
| Основное заглавие | Вып.5 |
| 210 ## - ПУБЛИКАЦИЯ, РАСПРОСТРАНЕНИЕ И ДР. | |
| Место издания, распространения и т.д. | Ростов н/Д. |
| Дата издания, распространения и т.д. | 1929 |
| 215 ## - ФИЗИЧЕСКАЯ ХАРАКТЕРИСТИКА | |
| Специфическое обозначение материала и объем | 47 с. |
| Другие сведения о физической характеристике | ил. |
| 300 ## - ОБЩИЕ ПРИМЕЧАНИЯ | |
| Текст примечания | Напеч. в Таганроге в тип. изд. "Дон. правда" |
| 327 1# - ПРИМЕЧАНИЯ О СОДЕРЖАНИИ | |
| Текст примечания | Авт.: М.П.Берлин, П.И.Яцков, М.Г.Домба |
| 461 #1 - УРОВЕНЬ НАБОРА | |
| Встроенное поле | 001RU\NLR\A1SV\31254 |
| -- | 2000#$vВып.5 |
| Системный номер (АБИС) связанной записи | 9851840 |
| Место публикации | Ростов н/Д. |
| Дата публикации | 1926-1929 |
| Первые сведения об ответственности | Из Каб. по изучению личности правонарушителя. Краев. упр. здравоохр. на Сев. Кав. |
| Имя издателя, распространителя и т.д. | Книж. бюро Крайздрава |
| Заглавие | Вопросы изучения преступности на Северном Кавказе |
| Номер тома | Вып.5 |
| 620 ## - МЕСТО И ДАТА ПУБЛИКАЦИИ, ИСПОЛНЕНИЯ И Т. Д. | |
| Город | Таганрог |
| 702 #1 - ИМЯ ЛИЦА - ВТОРИЧНАЯ ОТВЕТСТВЕННОСТЬ | |
| Начальный элемент ввода | Берлин |
| Часть имени, кроме начального элемента ввода | М.П. |
| 702 #1 - ИМЯ ЛИЦА - ВТОРИЧНАЯ ОТВЕТСТВЕННОСТЬ | |
| Начальный элемент ввода | Яцков |
| Часть имени, кроме начального элемента ввода | П.И. |
| 702 #1 - ИМЯ ЛИЦА - ВТОРИЧНАЯ ОТВЕТСТВЕННОСТЬ | |
| Начальный элемент ввода | Домба |
| Часть имени, кроме начального элемента ввода | М.Г. |
| 801 #0 - ИСТОЧНИК ЗАПИСИ | |
| Страна | Российская Федерация |
| Организация | NLR |
| Дата составления | 20000406 |
| 899 ## - ДАННЫЕ О МЕСТОНАХОЖДЕНИИ (устаревшее) | |
| Местонахождение | РНБ |
| Шифр хранения | 37/1752(5) |
| 942 ## - ДОПОЛНИТЕЛЬНЫЕ ЭЛЕМЕНТЫ ЗАПИСИ (АБИС) | |
| Тип экземпляра АБИС | Книга |
| 980 ## - КОЛЛЕКЦИЯ | |
| Название коллекции | Международный сводный каталог русской книги (1918-1926) |
| 980 ## - КОЛЛЕКЦИЯ | |
| Название коллекции | Национальная библиография |
Нет доступных экземпляров.